[Event "Madrid-chT 2324"]
[Site "Madrid"]
[Date "2024.03.03"]
[Round "12.2"]
[White "Elias Reyes, Jorge Roberto"]
[Black "Perez Gonzalez, Jose Manuel"]
[Result "1/2-1/2"]
[WhiteElo "2473"]
[BlackElo "2199"]
[PlyCount "213"]
[EventDate "2023.11.19"]
[EventType "team-tourn"]
[EventRounds "14"]
[EventCountry "ESP"]
[SourceTitle "AjedrezenMadrid"]
[Source "lmi"]
[SourceDate "2023.11.19"]
[SourceVersion "1"]
[SourceVersionDate "2024.03.19"]
[SourceQuality "1"]
[WhiteTeam "Tajamar"]
[BlackTeam "San Fernando de Henares"]
[WhiteTeamCountry "ESP"]
[BlackTeamCountry "ESP"]

1. e4 d6 2. d4 Nf6 3. Nc3 g6 4. Be3 Bg7 5. Qd2 c6 6. Bh6 Bxh6 7. Qxh6 Qa5 8.
Bd3 Nbd7 9. O-O-O b5 10. e5 dxe5 11. Nf3 b4 12. Ne4 Qxa2 13. Rhe1 Qa1+ 14. Kd2
Qxb2 15. Nxf6+ Nxf6 16. Nxe5 Be6 17. Ke2 Qc3 18. Kf1 O-O-O 19. Ra1 Kb8 20. Ra6
Rd6 21. Rea1 Qxd4 22. Rxa7 Qxa7 23. Rxa7 Kxa7 24. Qe3+ Kb7 25. Nxf7 Bxf7 26.
Qxe7+ Rd7 27. Qxf6 Rb8 28. Qf4 b3 29. Qb4+ Kc7 30. Qf4+ Kb7 31. cxb3 Bxb3 32.
Qb4+ Kc7 33. Qa5+ Kd6 34. h4 Bd5 35. Qa4 Rf7 36. Kg1 Rb3 37. Bc2 Rbb7 38. f3
Ra7 39. Qb4+ Kc7 40. Kh2 Ra2 41. Bb3 Ra7 42. Bxd5 cxd5 43. Qc5+ Kd8 44. Qxd5+
Rad7 45. Qe5 Rde7 46. Qd4+ Rd7 47. Qh8+ Ke7 48. Qe5+ Kd8 49. h5 gxh5 50. Qxh5
Rf6 51. f4 Rdf7 52. g3 Rf5 53. Qh6 Ke7 54. Kg2 R5f6 55. Qg5 Kf8 56. Kf3 h6 57.
Qe5 Kg8 58. Qd5 Kg7 59. Kg4 Kh7 60. Qe4+ Kg7 61. Qd3 Rf8 62. Qd4 Kg6 63. Qe5
R8f7 64. Qe4+ Kg7 65. Qd3 Rf8 66. Qc3 Kg6 67. Qc2+ Kg7 68. Kh4 R8f7 69. Qc3 Kg6
70. Qe5 Rf8 71. Qe4+ Kg7 72. Qb7+ R8f7 73. Qb2 Kg6 74. Qe2 Kg7 75. Qh5 Kh7 76.
Kh3 Kg7 77. Qg4+ Rg6 78. Qd1 Rgf6 79. Qc2 Rf8 80. Kg2 R8f7 81. Kf3 Rf8 82. Qc3
Kg6 83. Qc7 R8f7 84. Qc8 Rf8 85. Qg4+ Kh7 86. Qh5 Kg7 87. Ke4 R8f7 88. Qe5 Kg6
89. Qe8 Kg7 90. Qc8 Re7+ 91. Kf3 Ref7 92. Kg4 Rf8 93. Qc2 R8f7 94. Kh5 Rf5+ 95.
Kh4 R5f6 96. Qd1 Kg6 97. Qg4+ Kh7 98. Qc8 Kg7 99. Kh5 Rf5+ 100. Kg4 R5f6 101.
Kf3 Rf8 102. Qg4+ Kh7 103. Ke4 R8f7 104. Ke5 Rf8 105. Qd7+ R8f7 106. Qd3+ Kg7
107. Qa3 1/2-1/2

[Event "Madrid-chT 2324"]
[Site "Madrid"]
[Date "2024.03.03"]
[Round "12.3"]
[White "Jimenez Lopez, Antonio"]
[Black "Centron Antuna, Daniel"]
[Result "1/2-1/2"]
[WhiteElo "2176"]
[BlackElo "2234"]
[PlyCount "81"]
[EventDate "2023.11.19"]
[EventType "team-tourn"]
[EventRounds "14"]
[EventCountry "ESP"]
[SourceTitle "AjedrezenMadrid"]
[Source "lmi"]
[SourceDate "2023.11.19"]
[SourceVersion "1"]
[SourceVersionDate "2024.03.19"]
[SourceQuality "1"]
[WhiteTeam "San Fernando de Henares"]
[BlackTeam "Tajamar"]
[WhiteTeamCountry "ESP"]
[BlackTeamCountry "ESP"]

1. e4 c5 2. Nf3 d6 3. d4 cxd4 4. Nxd4 Nf6 5. Nc3 a6 6. Bg5 e6 7. f4 Be7 8. Qf3
Qc7 9. O-O-O Nbd7 10. g4 b5 11. a3 Bb7 12. Kb1 Rb8 13. Bxf6 Bxf6 14. Bxb5 axb5
15. Ndxb5 Qb6 16. Nxd6+ Ke7 17. Ncb5 Nc5 18. c4 Rhd8 19. b4 Nxe4 20. Nxe4 Qc6
21. Rhe1 Qxc4 22. Nbd6 Bxe4+ 23. Rxe4 Qa6 24. g5 Rxd6 25. gxf6+ gxf6 26. Red4
Rxd4 27. Rxd4 Rg8 28. Kb2 Qb6 29. Rc4 Rd8 30. Rc5 Rd2+ 31. Kb3 Qd6 32. Qb7+ Kf8
33. Rc7 Kg8 34. Ka4 Qd3 35. Qc8+ Kg7 36. Rc3 Qd6 37. Rg3+ Kh6 38. Rh3+ Kg7 39.
Rg3+ Kh6 40. Rh3+ Kg7 41. Rg3+ 1/2-1/2

[Event "Madrid-chT 2324"]
[Site "Madrid"]
[Date "2024.03.03"]
[Round "12.4"]
[White "Mkrtchyan, Levon"]
[Black "Garrido Olivares, Ricard"]
[Result "0-1"]
[WhiteElo "2272"]
[BlackElo "2158"]
[PlyCount "94"]
[EventDate "2023.11.19"]
[EventType "team-tourn"]
[EventRounds "14"]
[EventCountry "ESP"]
[SourceTitle "AjedrezenMadrid"]
[Source "lmi"]
[SourceDate "2023.11.19"]
[SourceVersion "1"]
[SourceVersionDate "2024.03.19"]
[SourceQuality "1"]
[WhiteTeam "Tajamar"]
[BlackTeam "San Fernando de Henares"]
[WhiteTeamCountry "ESP"]
[BlackTeamCountry "ESP"]

1. e4 c6 2. d4 d5 3. Nc3 dxe4 4. Nxe4 Nf6 5. Nxf6+ exf6 6. c3 Bd6 7. Bd3 O-O 8.
Qc2 Re8+ 9. Ne2 h5 10. O-O h4 11. h3 Nd7 12. Bd2 Nf8 13. Rae1 g6 14. c4 Be6 15.
Bc3 Bc7 16. Kh1 Qd6 17. f4 f5 18. b3 b5 19. Rd1 bxc4 20. bxc4 Bd7 21. Bb2 Ba5
22. c5 Qc7 23. Bc4 Be6 24. d5 cxd5 25. Bxd5 Rac8 26. Ba1 Bxd5 27. Rxd5 Qb7 28.
Rfd1 Ne6 29. Nc1 Nxf4 30. Rd7 Qe4 31. Qf2 Be1 32. Qf1 Nh5 33. Qd3 Bg3 34. Bd4
Nf4 35. Qxe4 fxe4 36. Be3 Ne6 37. Nb3 f5 38. Nd4 Nxc5 39. Rxa7 f4 40. Bd2 e3
41. Bb4 Nd3 42. Be1 Nxe1 43. Ne2 Red8 44. Rb1 Rb8 45. Rc1 Nd3 46. Rcc7 Nf2+ 47.
Kg1 Rd1# 0-1

[Event "Madrid-chT 2324"]
[Site "Madrid"]
[Date "2024.03.03"]
[Round "12.5"]
[White "Sempere Domenech, Abel"]
[Black "Rodriguez Avila, Alvaro"]
[Result "1/2-1/2"]
[WhiteElo "1999"]
[BlackElo "2142"]
[PlyCount "113"]
[EventDate "2023.11.19"]
[EventType "team-tourn"]
[EventRounds "14"]
[EventCountry "ESP"]
[SourceTitle "AjedrezenMadrid"]
[Source "lmi"]
[SourceDate "2023.11.19"]
[SourceVersion "1"]
[SourceVersionDate "2024.03.19"]
[SourceQuality "1"]
[WhiteTeam "San Fernando de Henares"]
[BlackTeam "Tajamar"]
[WhiteTeamCountry "ESP"]
[BlackTeamCountry "ESP"]

1. Nf3 Nf6 2. b3 g6 3. Bb2 Bg7 4. g3 O-O 5. Bg2 d6 6. d4 Nc6 7. O-O e5 8. dxe5
Ng4 9. c4 dxe5 10. Qc1 e4 11. Bxg7 Kxg7 12. Qb2+ Kg8 13. Ne1 f5 14. h3 Nge5 15.
Nc3 Be6 16. Nc2 Qf6 17. Kh1 Rad8 18. Rad1 Ne7 19. Ne3 c6 20. Rxd8 Rxd8 21. Rd1
Rxd1+ 22. Nexd1 Nd7 23. Qd2 Qe5 24. Qe3 Nc8 25. Kh2 Kg7 26. Qg5 Nf6 27. Qd2 Qd6
28. Qe3 h6 29. c5 Qd7 30. b4 Bxa2 31. f3 Bb3 32. Nf2 exf3 33. Bxf3 a6 34. Nd3
Ne7 35. Qf4 Bd5 36. Nxd5 Nexd5 37. Qb8 Qc7 38. Qa8 g5 39. Bxd5 Nxd5 40. Kg2 Qe7
41. Kf1 Nc3 42. Nc1 Qc7 43. Qe8 Ne4 44. Nd3 Nf6 45. Qe6 Qd7 46. Qe5 Kg6 47. Qb8
Qe7 48. Ne5+ Kg7 49. Nc4 Nd5 50. Nd6 Qd7 51. Ne8+ Kg6 52. Qe5 Qe7 53. Qh8 Nf6
54. Nxf6 Qxf6 55. Qg8+ Qg7 56. Qe6+ Qf6 57. Qg8+ 1/2-1/2

[Event "Madrid-chT 2324"]
[Site "Madrid"]
[Date "2024.03.03"]
[Round "12.6"]
[White "Rodriguez Lopez, David"]
[Black "Rodriguez Lopez, Ruben"]
[Result "1-0"]
[WhiteElo "2200"]
[BlackElo "1944"]
[PlyCount "65"]
[EventDate "2023.11.19"]
[EventType "team-tourn"]
[EventRounds "14"]
[EventCountry "ESP"]
[SourceTitle "AjedrezenMadrid"]
[Source "lmi"]
[SourceDate "2023.11.19"]
[SourceVersion "1"]
[SourceVersionDate "2024.03.19"]
[SourceQuality "1"]
[WhiteTeam "Tajamar"]
[BlackTeam "San Fernando de Henares"]
[WhiteTeamCountry "ESP"]
[BlackTeamCountry "ESP"]

1. e4 e5 2. Nf3 Nc6 3. Bb5 Nge7 4. Nc3 g6 5. d4 exd4 6. Nd5 Bg7 7. Bg5 h6 8.
Bf6 Bxf6 9. Nxf6+ Kf8 10. O-O Kg7 11. Nd5 a6 12. Bxc6 Nxc6 13. Nxd4 Ne7 14.
Nf5+ gxf5 15. Qd4+ Kg8 16. Nf6+ Kf8 17. Nxd7+ Bxd7 18. Qxh8+ Ng8 19. Rad1 Qf6
20. Qxf6 Nxf6 21. e5 Bb5 22. exf6 Bxf1 23. Kxf1 Rc8 24. Ke2 Kg8 25. h4 h5 26.
Rd5 Kh7 27. Rxf5 Kg6 28. Rg5+ Kxf6 29. Rxh5 Re8+ 30. Kf3 Rd8 31. Rc5 c6 32. Rc3
Rd2 33. Ke3 1-0

[Event "Madrid-chT 2324"]
[Site "Madrid"]
[Date "2024.03.03"]
[Round "12.1"]
[White "Reyes Larena, Juan"]
[Black "Vazquez Igarza, Renier"]
[Result "1/2-1/2"]
[WhiteElo "2431"]
[BlackElo "2504"]
[PlyCount "28"]
[EventDate "2023.11.19"]
[EventType "team-tourn"]
[EventRounds "14"]
[EventCountry "ESP"]
[SourceTitle "AjedrezenMadrid"]
[Source "lmi"]
[SourceDate "2023.11.19"]
[SourceVersion "1"]
[SourceVersionDate "2024.03.19"]
[SourceQuality "1"]
[WhiteTeam "San Sebastian de los Reyes"]
[BlackTeam "Collado Villalba"]
[WhiteTeamCountry "ESP"]
[BlackTeamCountry "ESP"]

1. e4 c5 2. Nf3 d6 3. Bb5+ Bd7 4. Bxd7+ Qxd7 5. O-O Nf6 6. Re1 Nc6 7. c3 e6 8.
d4 cxd4 9. cxd4 d5 10. e5 Ne4 11. Nbd2 Nxd2 12. Bxd2 Be7 13. Bg5 Bb4 14. Bd2
Be7 1/2-1/2

[Event "Madrid-chT 2324"]
[Site "Madrid"]
[Date "2024.03.03"]
[Round "12.2"]
[White "Quispe Arteaga, Gabriel"]
[Black "Rottenwohrer Suarez, Juan"]
[Result "1/2-1/2"]
[WhiteElo "2401"]
[BlackElo "2275"]
[PlyCount "83"]
[EventDate "2023.11.19"]
[EventType "team-tourn"]
[EventRounds "14"]
[EventCountry "ESP"]
[SourceTitle "AjedrezenMadrid"]
[Source "lmi"]
[SourceDate "2023.11.19"]
[SourceVersion "1"]
[SourceVersionDate "2024.03.19"]
[SourceQuality "1"]
[WhiteTeam "Collado Villalba"]
[BlackTeam "San Sebastian de los Reyes"]
[WhiteTeamCountry "ESP"]
[BlackTeamCountry "ESP"]

1. Nf3 Nf6 2. c4 e6 3. Qa4 c5 4. Nc3 Be7 5. g3 O-O 6. Bg2 Nc6 7. O-O a6 8. Rd1
Rb8 9. d3 d5 10. Bf4 Bd6 11. Bg5 d4 12. Ne4 Be7 13. Nxf6+ Bxf6 14. Bxf6 Qxf6
15. a3 Qe7 16. Rab1 Bd7 17. b4 Nxb4 18. Qb3 Nc6 19. Qb6 Rfc8 20. Nd2 Nd8 21.
Nb3 Bc6 22. Bf1 Ba4 23. Rdc1 Bxb3 24. Rxb3 Rc6 25. Qa5 Qc7 26. Qxc7 Rxc7 27.
Rcb1 Ra8 28. Bg2 Ra7 29. Rb6 Kf8 30. e3 dxe3 31. fxe3 Ke7 32. Kf2 Kd7 33. Ke2
Kc8 34. g4 Nc6 35. g5 Ne5 36. Be4 Nd7 37. R6b3 g6 38. Rf1 Ne5 39. Rb6 Nd7 40.
Rb3 Ne5 41. Rb6 Nd7 42. Rb3 1/2-1/2

[Event "Madrid-chT 2324"]
[Site "Madrid"]
[Date "2024.03.03"]
[Round "12.3"]
[White "Alfaya Marcelo, Roberto"]
[Black "Suarez Uriel, Adrian"]
[Result "0-1"]
[WhiteElo "2311"]
[BlackElo "2407"]
[PlyCount "78"]
[EventDate "2023.11.19"]
[EventType "team-tourn"]
[EventRounds "14"]
[EventCountry "ESP"]
[SourceTitle "AjedrezenMadrid"]
[Source "lmi"]
[SourceDate "2023.11.19"]
[SourceVersion "1"]
[SourceVersionDate "2024.03.19"]
[SourceQuality "1"]
[WhiteTeam "San Sebastian de los Reyes"]
[BlackTeam "Collado Villalba"]
[WhiteTeamCountry "ESP"]
[BlackTeamCountry "ESP"]

1. d4 Nf6 2. Nf3 c5 3. e3 g6 4. d5 e6 5. c4 exd5 6. cxd5 Bg7 7. Nc3 d6 8. Be2
a6 9. a4 O-O 10. O-O Nbd7 11. Nd2 Re8 12. Nc4 Ne5 13. Na3 Ned7 14. Qc2 Rb8 15.
h3 h5 16. f4 Nb6 17. e4 Nxe4 18. Nxe4 Bf5 19. Bf3 Bd4+ 20. Kh1 Nxd5 21. Qb3 Nb4
22. Ng5 Qf6 23. Bd5 Nxd5 24. Qxd5 b5 25. axb5 axb5 26. Bd2 Bxb2 27. Ra2 Bd4 28.
Nxb5 Rxb5 29. Ra7 Be6 30. Qc6 Rbb8 31. Ne4 Qd8 32. Nxd6 Re7 33. Ba5 Qf8 34.
Rxe7 Qxe7 35. f5 gxf5 36. Re1 Qd7 37. Qa6 Bd5 38. Bd2 f4 39. Bxf4 Qxh3+ 0-1

[Event "Madrid-chT 2324"]
[Site "Madrid"]
[Date "2024.03.03"]
[Round "12.4"]
[White "Martinez Conde Hernandez, Carlos"]
[Black "Martinez Fernandez, Raul"]
[Result "1-0"]
[WhiteElo "2238"]
[BlackElo "2217"]
[PlyCount "87"]
[EventDate "2023.11.19"]
[EventType "team-tourn"]
[EventRounds "14"]
[EventCountry "ESP"]
[SourceTitle "AjedrezenMadrid"]
[Source "lmi"]
[SourceDate "2023.11.19"]
[SourceVersion "1"]
[SourceVersionDate "2024.03.19"]
[SourceQuality "1"]
[WhiteTeam "Collado Villalba"]
[BlackTeam "San Sebastian de los Reyes"]
[WhiteTeamCountry "ESP"]
[BlackTeamCountry "ESP"]

1. d4 d5 2. c4 e6 3. Nc3 c5 4. cxd5 exd5 5. dxc5 d4 6. Na4 b5 7. cxb6 axb6 8.
b3 Nf6 9. e3 Bb4+ 10. Bd2 Qe7 11. Bb5+ Nbd7 12. a3 Bxd2+ 13. Qxd2 dxe3 14. Qxe3
Qxe3+ 15. fxe3 O-O 16. Nf3 Ba6 17. Bxd7 Nxd7 18. O-O-O Bc8 19. Kb2 Re8 20. Rhe1
b5 21. Nc3 Rb8 22. Rd4 Nf8 23. Rb4 Bd7 24. Nd4 f5 25. Ndxb5 Bc6 26. g3 Ne6 27.
Nd6 Rxb4 28. axb4 Rf8 29. b5 Bg2 30. Re2 Bh1 31. Ka3 g6 32. Kb4 Rd8 33. Rd2 Kf8
34. b6 Ke7 35. Nc4 Rxd2 36. Nxd2 Kd7 37. Nc4 Kc6 38. Ne2 Nd8 39. Nd4+ Kd5 40.
Na5 Kd6 41. Nb5+ Ke5 42. Nd4 Bg2 43. Kc5 Ke4 44. Ndc6 1-0

[Event "Madrid-chT 2324"]
[Site "Madrid"]
[Date "2024.03.03"]
[Round "12.5"]
[White "Fernandez Alvarez, Luis"]
[Black "Ruiz Buendia, Miguel"]
[Result "1/2-1/2"]
[WhiteElo "2203"]
[BlackElo "2366"]
[PlyCount "89"]
[EventDate "2023.11.19"]
[EventType "team-tourn"]
[EventRounds "14"]
[EventCountry "ESP"]
[SourceTitle "AjedrezenMadrid"]
[Source "lmi"]
[SourceDate "2023.11.19"]
[SourceVersion "1"]
[SourceVersionDate "2024.03.19"]
[SourceQuality "1"]
[WhiteTeam "San Sebastian de los Reyes"]
[BlackTeam "Collado Villalba"]
[WhiteTeamCountry "ESP"]
[BlackTeamCountry "ESP"]

1. e4 e5 2. Nf3 Nc6 3. Bb5 a6 4. Bxc6 dxc6 5. O-O Qf6 6. d4 exd4 7. Bg5 Qd6 8.
Nxd4 Be7 9. Be3 Nf6 10. Nc3 Ng4 11. Nf3 Nxe3 12. fxe3 O-O 13. Qxd6 cxd6 14. h3
Re8 15. Rad1 g6 16. a3 Be6 17. Rf2 Kg7 18. Rfd2 a5 19. Kf2 h5 20. Nd4 Bc8 21.
Kf3 Ra6 22. Nce2 b5 23. Nf4 Bb7 24. a4 bxa4 25. Ra1 Rb6 26. c4 Rb4 27. Rc1 Bf6
28. Nd3 Rb6 29. c5 dxc5 30. Nxc5 Bc8 31. Nxa4 Rb4 32. Nc5 Rb6 33. Ra1 Bd8 34.
b3 Re5 35. Nd3 Rg5 36. Rc2 c5 37. Rxc5 Rf6+ 38. Nf5+ Bxf5 39. exf5 Bb6 40. Rb5
Rfxf5+ 41. Rxf5 Rxf5+ 42. Ke2 Rg5 43. Kf3 Rf5+ 44. Ke2 Rg5 45. Kf3 1/2-1/2

[Event "Madrid-chT 2324"]
[Site "Madrid"]
[Date "2024.03.03"]
[Round "12.6"]
[White "Centeno Mendoza, Julio Stefano"]
[Black "Quevedo Marin, Manuel"]
[Result "0-1"]
[WhiteElo "2068"]
[BlackElo "2101"]
[PlyCount "112"]
[EventDate "2023.11.19"]
[EventType "team-tourn"]
[EventRounds "14"]
[EventCountry "ESP"]
[SourceTitle "AjedrezenMadrid"]
[Source "lmi"]
[SourceDate "2023.11.19"]
[SourceVersion "1"]
[SourceVersionDate "2024.03.19"]
[SourceQuality "1"]
[WhiteTeam "Collado Villalba"]
[BlackTeam "San Sebastian de los Reyes"]
[WhiteTeamCountry "ESP"]
[BlackTeamCountry "ESP"]

1. e4 c5 2. c3 d5 3. exd5 Qxd5 4. d4 Nc6 5. Nf3 Bf5 6. Be3 cxd4 7. Nxd4 Nf6 8.
Nxf5 Qxf5 9. Na3 Nd5 10. Bd3 Qd7 11. Qe2 e6 12. Nc2 Be7 13. Rd1 Qc7 14. Be4 Nf6
15. Bf3 O-O 16. O-O Ne5 17. Bf4 Nxf3+ 18. Qxf3 Qb6 19. b3 Rfd8 20. c4 Rac8 21.
Bg5 h6 22. Bh4 Rxd1 23. Rxd1 Rd8 24. Bxf6 Bxf6 25. b4 Rxd1+ 26. Qxd1 Qa6 27.
Qd3 Qxa2 28. g3 a5 29. bxa5 Qxa5 30. Ne3 Qa1+ 31. Kg2 Qd4 32. Qb1 b6 33. h4 h5
34. Kf3 g6 35. Qb5 Kg7 36. Qc6 Be7 37. Kg2 Bc5 38. Qf3 Qd3 39. Qf4 Bd4 40. Qc7
Qe4+ 41. Kg1 Bxe3 42. fxe3 Qxe3+ 43. Kg2 e5 44. Qc6 e4 45. c5 bxc5 46. Kh1 Qd4
47. g4 Qd1+ 48. Kh2 Qxg4 49. Qxc5 Qxh4+ 50. Kg2 Qg4+ 51. Kh2 Qf4+ 52. Kh1 e3
53. Qc3+ Kh7 54. Qd3 h4 55. Kg2 Qg4+ 56. Kh1 h3 0-1

[Event "Madrid-chT 2324"]
[Site "Madrid"]
[Date "2024.03.09"]
[Round "13.1"]
[White "Alonso Garcia, Aaron"]
[Black "Fernandez Blazquez, Diego"]
[Result "1-0"]
[WhiteElo "2453"]
[BlackElo "2231"]
[PlyCount "57"]
[EventDate "2023.11.19"]
[EventType "team-tourn"]
[EventRounds "14"]
[EventCountry "ESP"]
[SourceTitle "AjedrezenMadrid"]
[Source "lmi"]
[SourceDate "2023.11.19"]
[SourceVersion "1"]
[SourceVersionDate "2024.03.19"]
[SourceQuality "1"]
[WhiteTeam "Villalba 64"]
[BlackTeam "San Fernando de Henares"]
[WhiteTeamCountry "ESP"]
[BlackTeamCountry "ESP"]

1. e4 c5 2. Nf3 Nc6 3. d4 cxd4 4. Nxd4 e5 5. Nb5 d6 6. c4 Be6 7. Bd3 g6 8. O-O
a6 9. N5c3 Bg7 10. Nd5 Nge7 11. Nbc3 O-O 12. Bg5 h6 13. Be3 Nd4 14. Nxe7+ Qxe7
15. Nd5 Bxd5 16. cxd5 Rac8 17. g3 h5 18. h4 Qd7 19. Kg2 Qc7 20. Bxd4 exd4 21.
f4 Rfe8 22. g4 Qd8 23. Kh3 f5 24. gxf5 gxf5 25. e5 dxe5 26. Bxf5 e4 27. Qxh5
Qf6 28. Rg1 Rcd8 29. Rg6 1-0

[Event "Madrid-chT 2324"]
[Site "Madrid"]
[Date "2024.03.09"]
[Round "13.2"]
[White "Perez Gonzalez, Jose Manuel"]
[Black "Ruperez Benito, Antonio"]
[Result "0-1"]
[WhiteElo "2199"]
[BlackElo "2326"]
[PlyCount "98"]
[EventDate "2023.11.19"]
[EventType "team-tourn"]
[EventRounds "14"]
[EventCountry "ESP"]
[SourceTitle "AjedrezenMadrid"]
[Source "lmi"]
[SourceDate "2023.11.19"]
[SourceVersion "1"]
[SourceVersionDate "2024.03.19"]
[SourceQuality "1"]
[WhiteTeam "San Fernando de Henares"]
[BlackTeam "Villalba 64"]
[WhiteTeamCountry "ESP"]
[BlackTeamCountry "ESP"]

1. e4 e6 2. d4 d5 3. Nc3 Bb4 4. e5 c5 5. a3 Bxc3+ 6. bxc3 Qa5 7. Bd2 Qa4 8. Qb1
c4 9. h4 Nc6 10. g3 Nge7 11. Bh3 Bd7 12. Ne2 O-O-O 13. Bg5 h6 14. Bxe7 Nxe7 15.
Qb4 Rhe8 16. Qxa4 Bxa4 17. Kd2 Kc7 18. f4 h5 19. Ng1 Bd7 20. Nf3 f6 21. Rae1
Nc8 22. Re3 f5 23. Ng5 Re7 24. Rb1 Nb6 25. Ree1 Kb8 26. Nf3 Rc8 27. Ra1 Na4 28.
Reb1 Rc6 29. Ng1 Ra6 30. Ne2 Bc8 31. Ra2 Rc7 32. Bg2 Ra5 33. Kc1 Rc6 34. Rb4
Rca6 35. Rb1 Kc7 36. Bf3 g6 37. Bg2 Bd7 38. Bf3 Nb6 39. Raa1 Ba4 40. Rb2 Na8
41. Ng1 Kc8 42. Nh3 Nc7 43. Ng5 Be8 44. Rba2 Nb5 45. Kd2 Kd7 46. Nh7 Rxa3 47.
Rxa3 Rxa3 48. Nf6+ Ke7 49. Rb1 Bc6 0-1

[Event "Madrid-chT 2324"]
[Site "Madrid"]
[Date "2024.03.09"]
[Round "13.4"]
[White "Rodriguez Lopez, Ruben"]
[Black "Pinto, Daniel"]
[Result "0-1"]
[WhiteElo "1944"]
[BlackElo "2261"]
[PlyCount "58"]
[EventDate "2023.11.19"]
[EventType "team-tourn"]
[EventRounds "14"]
[EventCountry "ESP"]
[SourceTitle "AjedrezenMadrid"]
[Source "lmi"]
[SourceDate "2023.11.19"]
[SourceVersion "1"]
[SourceVersionDate "2024.03.19"]
[SourceQuality "1"]
[WhiteTeam "San Fernando de Henares"]
[BlackTeam "Villalba 64"]
[WhiteTeamCountry "ESP"]
[BlackTeamCountry "ESP"]

1. e4 e5 2. Nf3 Nc6 3. Nc3 Nf6 4. d4 exd4 5. Nxd4 Bb4 6. Nxc6 bxc6 7. Bd3 d6 8.
O-O Ng4 9. Qf3 Qh4 10. Bf4 O-O 11. Na4 Ne5 12. Qg3 Qxg3 13. Bxg3 Nxd3 14. cxd3
f5 15. a3 Bd2 16. Rfd1 Bh6 17. f3 Be6 18. Nc3 Bb3 19. Rf1 Bc2 20. d4 fxe4 21.
d5 cxd5 22. Nxd5 exf3 23. Nxc7 Be3+ 24. Bf2 fxg2 25. Kxg2 Be4+ 26. Kg1 Rxf2 27.
Rxf2 Rf8 28. Raf1 Rf6 29. h3 Rf3 0-1

[Event "Madrid-chT 2324"]
[Site "Madrid"]
[Date "2024.03.09"]
[Round "13.1"]
[White "Taboas Rodriguez, Daniel"]
[Black "Rottenwohrer Suarez, Juan"]
[Result "0-1"]
[WhiteElo "2356"]
[BlackElo "2275"]
[PlyCount "128"]
[EventDate "2023.11.19"]
[EventType "team-tourn"]
[EventRounds "14"]
[EventCountry "ESP"]
[SourceTitle "AjedrezenMadrid"]
[Source "lmi"]
[SourceDate "2023.11.19"]
[SourceVersion "1"]
[SourceVersionDate "2024.03.19"]
[SourceQuality "1"]
[WhiteTeam "Blanco y Negro"]
[BlackTeam "San Sebastian de los Reyes"]
[WhiteTeamCountry "ESP"]
[BlackTeamCountry "ESP"]

1. d4 Nf6 2. Nf3 e6 3. c4 d5 4. Nc3 Bb4 5. a3 Bxc3+ 6. bxc3 c5 7. e3 Qa5 8. Bd2
Ne4 9. cxd5 exd5 10. c4 Nxd2 11. Qxd2 Qxd2+ 12. Kxd2 dxc4 13. Bxc4 cxd4 14.
Nxd4 O-O 15. Rhc1 Nd7 16. Bd5 Nf6 17. Bf3 Rd8 18. Rab1 Nd5 19. Rc5 Nb6 20. Rc7
Rb8 21. Rbc1 Na8 22. R7c3 Bd7 23. h4 b5 24. Bxa8 Rxa8 25. Rc7 Be6 26. R1c5 a6
27. Kc3 Bd5 28. g3 g6 29. Kb4 Kg7 30. Ka5 Rd6 31. Re7 Rb8 32. g4 Kf8 33. Ra7
Bc4 34. g5 Bd3 35. Rcc7 Bc4 36. Nc6 Re8 37. Nb4 Rd2 38. Rxa6 Rxf2 39. a4 Rf5
40. Rf6 Ra8+ 41. Kb6 Rxa4 42. Nc6 Ra8 43. e4 Rxf6 44. gxf6 Re8 45. Ne7 Bd3 46.
e5 b4 47. Kc5 b3 48. Rb7 Bc2 49. e6 fxe6 50. Kd6 e5 51. Kxe5 Kf7 52. Rb6 h6 53.
Kf4 Rd8 54. Nc6 g5+ 55. hxg5 hxg5+ 56. Kg4 Rd5 57. Nb4 Bd1+ 58. Kg3 Rf5 59. Rd6
Be2 60. Nd5 b2 61. Rb6 Rxd5 62. Rxb2 Re5 63. Rb6 Rf5 64. Rb2 Bh5 0-1

[Event "Madrid-chT 2324"]
[Site "Madrid"]
[Date "2024.03.09"]
[Round "13.2"]
[White "Alfaya Marcelo, Roberto"]
[Black "Martinez Reyes, Pedro Ramon"]
[Result "1/2-1/2"]
[WhiteElo "2311"]
[BlackElo "2332"]
[PlyCount "38"]
[EventDate "2023.11.19"]
[EventType "team-tourn"]
[EventRounds "14"]
[EventCountry "ESP"]
[SourceTitle "AjedrezenMadrid"]
[Source "lmi"]
[SourceDate "2023.11.19"]
[SourceVersion "1"]
[SourceVersionDate "2024.03.19"]
[SourceQuality "1"]
[WhiteTeam "San Sebastian de los Reyes"]
[BlackTeam "Blanco y Negro"]
[WhiteTeamCountry "ESP"]
[BlackTeamCountry "ESP"]

1. d4 d5 2. Nf3 Nf6 3. c4 c6 4. e3 Bf5 5. Nc3 e6 6. Nh4 Be4 7. f3 Bg6 8. Nxg6
hxg6 9. Qb3 Qb6 10. Bd2 Nbd7 11. O-O-O Qxb3 12. axb3 Bd6 13. h3 Nh5 14. Bd3 Ng3
15. Rhe1 O-O-O 16. e4 dxe4 17. Nxe4 Nxe4 18. Bxe4 Nf6 19. Bc3 Bg3 1/2-1/2

[Event "Madrid-chT 2324"]
[Site "Madrid"]
[Date "2024.03.09"]
[Round "13.3"]
[White "Hidalgo Duque, Carlos"]
[Black "Martinez Fernandez, Raul"]
[Result "0-1"]
[WhiteElo "2265"]
[BlackElo "2217"]
[PlyCount "130"]
[EventDate "2023.11.19"]
[EventType "team-tourn"]
[EventRounds "14"]
[EventCountry "ESP"]
[SourceTitle "AjedrezenMadrid"]
[Source "lmi"]
[SourceDate "2023.11.19"]
[SourceVersion "1"]
[SourceVersionDate "2024.03.19"]
[SourceQuality "1"]
[WhiteTeam "Blanco y Negro"]
[BlackTeam "San Sebastian de los Reyes"]
[WhiteTeamCountry "ESP"]
[BlackTeamCountry "ESP"]

1. Nf3 d5 2. d4 Nf6 3. c4 e6 4. g3 dxc4 5. Bg2 c5 6. O-O Nc6 7. dxc5 Qxd1 8.
Rxd1 Bxc5 9. Nbd2 c3 10. bxc3 O-O 11. Nb3 Be7 12. Nfd4 Nxd4 13. cxd4 Nd5 14.
Bd2 f5 15. Na5 Bf6 16. e3 b6 17. Nc4 Rd8 18. a4 Ba6 19. Rdc1 Rac8 20. Bf1 Bb7
21. a5 b5 22. a6 Bc6 23. Na5 Bd7 24. Nb7 Rxc1 25. Rxc1 Rb8 26. Ba5 Be7 27. Rb1
b4 28. Bc4 Nc3 29. Bxb4 Nxb1 30. Bxe7 Nd2 31. Bd3 Bc6 32. Bd6 Rc8 33. Bc5 Rc7
34. Bxa7 Nf3+ 35. Kf1 Nxh2+ 36. Ke2 Bxb7 37. axb7 Rxb7 38. Bc5 Rb2+ 39. Ke1
Nf3+ 40. Kf1 Nd2+ 41. Kg2 Ne4 42. Bxe4 fxe4 43. g4 Kf7 44. Bd6 Rb5 45. Kg3 g6
46. Be5 h5 47. Kh4 Rb1 48. Kg5 Rh1 49. Bg3 e5 50. dxe5 Ke6 51. Kxg6 h4 52. Bf4
Rf1 53. Kg5 Rxf2 54. Kxh4 Rf3 55. Kg5 Rh3 56. Kg6 Rh8 57. Kg7 Rh4 58. Kg6 Rxg4+
59. Kh5 Rxf4 60. exf4 e3 61. Kg6 e2 62. f5+ Ke7 63. f6+ Kf8 64. e6 e1=Q 65. e7+
Ke8 0-1